The significance of beauty in nature and art. (Record no. 5642)
[ view plain ]
| 000 -LEADER | |
|---|---|
| fixed length control field | 00678cam a22002291 4500 |
| 001 - CONTROL NUMBER | |
| control field | 0000005874 |
| 005 - DATE AND TIME OF LATEST TRANSACTION | |
| control field | 20170406121045.0 |
| 008 - FIXED-LENGTH DATA ELEMENTS--GENERAL INFORMATION | |
| fixed length control field | 731105s1947 xx 000 0 eng |
| 010 ## - LIBRARY OF CONGRESS CONTROL NUMBER | |
| LC control number | 48000207 |
| 035 ## - SYSTEM CONTROL NUMBER | |
| -- | (DLC) 48000207 |
| 035 ## - SYSTEM CONTROL NUMBER | |
| System control number | (OCoLC)734432 |
| 040 ## - CATALOGING SOURCE | |
| Original cataloging agency | DLC |
| Transcribing agency | OOxM |
| Modifying agency | DLC |
| 042 ## - AUTHENTICATION CODE | |
| Authentication code | emarc=LC PreMARC Retrospective Conversion Project |
| 050 00 - LIBRARY OF CONGRESS CALL NUMBER | |
| Classification number | BH201 |
| Item number | .C6 |
| 082 0# - DEWEY DECIMAL CLASSIFICATION NUMBER | |
| Classification number | 701.17 |
| 100 1# - MAIN ENTRY--PERSONAL NAME | |
| Personal name | Cory, Herbert E. |
| Fuller form of name | (Herbert Ellsworth), |
| Dates associated with a name | 1883-1947. |
| 245 14 - TITLE STATEMENT | |
| Title | The significance of beauty in nature and art. |
| 260 ## - PUBLICATION, DISTRIBUTION, ETC. | |
| Place of publication, distribution, etc. | Milwaukee : |
| Name of publisher, distributor, etc. | Bruce Pub. Co., |
| Date of publication, distribution, etc. | [1947] |
| 300 ## - PHYSICAL DESCRIPTION | |
| Extent | xv, 248 p. ; |
| Dimensions | 24 cm. |
| 650 #0 - SUBJECT ADDED ENTRY--TOPICAL TERM | |
| Topical term or geographic name entry element | Aesthetics. |
| 908 ## - PUT COMMAND PARAMETER (RLIN) | |
| Put command parameter | 150529 |
| Withdrawn status | Lost status | Source of classification or shelving scheme | Damaged status | Not for loan | Home library | Current library | Shelving location | Date acquired | Total Checkouts | Full call number | Barcode | Date last seen | Copy number | Price effective from | Koha item type |
|---|---|---|---|---|---|---|---|---|---|---|---|---|---|---|---|
| CUZ Harare Campus | CUZ Harare Campus | Open Shelf | 06.04.2017 | BH 201. C6 | BK0007128 | 22.05.2025 | CU13120 | 06.04.2017 | OS Book |